GNSS receivers for weak signals (Record no. 242336)
[ view plain ]
| 000 -LEADER | |
|---|---|
| fixed length control field | 01266nam a2200325Ia 4500 |
| 100 1# - MAIN ENTRY--AUTHOR NAME | |
| Personal name | Ziedan, Nesreen I. |
| 245 10 - TITLE STATEMENT | |
| Title | GNSS receivers for weak signals |
| 260 ## - PUBLICATION, DISTRIBUTION, ETC. (IMPRINT) | |
| Place of publication | Norwood, MA : |
| Name of publisher | Artech House, |
| Year of publication | c2006. |
| 300 ## - PHYSICAL DESCRIPTION | |
| Number of Pages | xiii, 234 p. : |
| Other physical details | ill. |
| 490 1# - SERIES STATEMENT | |
| Series statement | The GNSS technology and applications series |
| 650 #0 - SUBJECT ADDED ENTRY--TOPICAL TERM | |
| Topical Term | Artificial satellites in navigation. |
| Topical Term | Global Positioning System. |
| 856 40 - ELECTRONIC LOCATION AND ACCESS | |
| Uniform Resource Identifier | http://site.ebrary.com/lib/rucke/Doc?id=10221942 |
No items available.
